[Event "RUS Women's Ch"]
[Site "Elista"]
[Date "2002.05.18"]
[Round "8"]
[White "Kosintseva T"]
[Black "Matveyeva S"]
[Result "1/2-1/2"]
[WhiteTitle "IM"]
[WhiteElo "2336"]
[WhiteCountry "RUS"]
[BlackTitle "GM"]
[BlackElo "2437"]
[BlackCountry "RUS"]
[Remark "Message"]
[PresId "81"]

1. e4 e6 2. d4 d5 3. exd5 exd5 4. Nf3 Nc6 5. Bb5 Bd6 6. c4 dxc4 7. d5
a6 8. Ba4 b5 9. dxc6 bxa4 10. O-O Ne7 11. Qxa4 O-O 12. Nbd2 Rb8 13. a3
Rb5 14. Nxc4 Nxc6 15. Bg5 Qd7 16. Rad1 Qe6 17. Rfe1 Qg6 18. Nxd6 cxd6
19. Qf4 h6 20. Bh4 Ne5 21. Be7 Nxf3+ 22. Qxf3 Bb7 23. Qg3 Qxg3 24.
hxg3 Re8 25. b4 Re5 26. Rxe5 dxe5 27. Rd7 Bc6 28. Rc7 Bb5 29. f4 e4
30. Kf2 h5 31. Ke3 f6 32. Bc5 g6 33. Ra7 Re6 34. Ra8+ Kf7 35. Rf8+ Kg7
36. Rd8 Kf7 37. Rd2 Re8 38. Rd5 f5 39. Bd4 Ke6 40. Rc5 Rd8 41. Rc7 Rd7
42. Rc8 Rd6 43. Rc5 Rc6 44. Re5+ Kf7 45. Bc5 Rc7 46. Rd5 Rd7 47. Rxd7+
Bxd7 1/2-1/2

[Event "RUS Women's Ch"]
[Site "Elista"]
[Date "2002.05.18"]
[Round "8"]
[White "Fominyh M"]
[Black "Kryukova I"]
[Result "1/2-1/2"]
[WhiteElo "2163"]
[WhiteCountry "RUS"]
[BlackTitle "GM"]
[BlackElo "2304"]
[BlackCountry "RUS"]
[Remark "Message"]
[PresId "815"]

1. d4 Nf6 2. Nf3 e6 3. e3 c5 4. Bd3 b6 5. O-O Bb7 6. Nbd2 Be7 7. b3
O-O 8. Bb2 cxd4 9. exd4 d6 10. Ng5 Nbd7 11. Qe2 h6 12. Nh3 Re8 13.
Rae1 Bf8 14. c4 Qc7 15. Bb1 a6 16. Rc1 Rac8 17. f3 Qb8 18. Nf2 g6 19.
Rfe1 Bg7 20. Nd3 Nh5 21. Qf2 Rcd8 22. b4 Rc8 23. Nb3 Bc6 24. Qd2 Ba4
25. Kh1 Kh7 26. Na1 Nhf6 27. Qf4 Kg8 28. Qd2 Qb7 29. Nb3 Qb8 30. Nf2
Bc6 31. Bd3 Qa8 32. Ne4 Qb8 33. c5 Nxe4 34. fxe4 dxc5 35. bxc5 bxc5
36. Bxa6 Bb7 37. Bb5 Bc6 38. Bxc6 Rxc6 39. dxc5 Bxb2 40. Qxb2 Rxc5 41.
Qd2 Rh5 42. h3 Ne5 43. Qe2 Rd8 44. Red1 Rxd1+ 45. Rxd1 Qb6 46. Rc1 Kh7
47. Rc5 Qd6 48. Rc2 Qb4 49. Rd2 Qc3 50. Nd4 Rh4 51. Rd1 Rh5 52. Qf2
Kg7 53. Rf1 Kg8 54. Nxe6 Rxh3+ 55. gxh3 Qxh3+ 56. Kg1 Qxe6 57. a4 Nd3
58. Qf3 Ne5 59. Qe2 Qb6+ 60. Kh1 h5 61. Qb5 Qe6 62. Qe2 Qh3+ 63. Kg1
Qg3+ 64. Kh1 Qh3+ 65. Kg1 Qg3+ 1/2-1/2

[Event "RUS Women's Ch"]
[Site "Elista"]
[Date "2002.05.18"]
[Round "8"]
[White "Druzhinina O"]
[Black "Vasilevich I"]
[Result "0-1"]
[WhiteElo "2261"]
[WhiteCountry "RUS"]
[BlackElo "2208"]
[BlackCountry "RUS"]
[Remark "Message"]
[PresId "810"]

1. Nf3 c5 2. c4 g6 3. e3 Bg7 4. Nc3 Nf6 5. d4 cxd4 6. Nxd4 O-O 7. Nc2
Nc6 8. Be2 d6 9. O-O Be6 10. Nd5 Rc8 11. Nf4 Bf5 12. Na3 Qb6 13. g4
Bd7 14. f3 Nb4 15. g5 Ne8 16. Kh1 Nc7 17. Nd3 Ne6 18. e4 Nxd3 19. Bxd3
Nc5 20. Bc2 Na6 21. Qe2 Be6 22. Rd1 Qc6 23. Bb3 Nc5 24. Nb5 Qb6 25.
Be3 a6 26. Nd4 Bd7 27. Rab1 Qc7 28. Qd2 f6 29. gxf6 Bxf6 30. Kg2 Rf7
31. Ne2 Bg7 32. Bc2 Rcf8 33. Ng1 Bc6 34. b4 Ne6 35. Bb3 Qc8 36. c5 Be5
37. a4 Kh8 38. cxd6 exd6 39. Rbc1 Qe8 40. Qa2 Nf4+ 41. Bxf4 Rxf4 42.
Qc2 Rh4 43. h3 Qe7 44. Kh1 Qg5 45. Qg2 Qe3 46. Bc2 Rh5 47. Re1 Qb6 48.
Rb1 Qd8 49. Bd3 Rg5 50. Qd2 Rg3 51. Bf1 Bxa4 52. b5 axb5 53. Bxb5 Bxb5
54. Rxb5 Qf6 55. Rf1 Qf7 56. Rf2 Ra8 57. Rf1 Ra2 58. Qd5 Qxd5 59. exd5
Rgg2 0-1

[Event "RUS Women's Ch"]
[Site "Elista"]
[Date "2002.05.18"]
[Round "8"]
[White "Shumyakina T"]
[Black "Khasanova E"]
[Result "1-0"]
[WhiteTitle "GM"]
[WhiteElo "2366"]
[WhiteCountry "RUS"]
[BlackTitle "IM"]
[BlackElo "2256"]
[BlackCountry "RUS"]
[Remark "Message"]
[PresId "812"]

1. d4 Nf6 2. Nf3 g6 3. g3 Bg7 4. Bg2 O-O 5. O-O d6 6. c4 Nbd7 7. Nc3
e5 8. e4 a6 9. Re1 Rb8 10. Rb1 exd4 11. Nxd4 Ne5 12. b3 c5 13. Nc2 Ne8
14. Bb2 b5 15. cxb5 axb5 16. Nd5 Nc7 17. f4 Nc6 18. Bxg7 Kxg7 19. Nde3
Ne6 20. b4 Ned4 21. Qd2 Bh3 22. Bh1 Qb6 23. Qf2 Ra8 24. Nxd4 Nxd4 25.
f5 Qa7 26. Rb2 c4 27. Nd5 gxf5 28. Rd2 Ne6 29. exf5 Qxf2+ 30. Rxf2 Nd4
31. f6+ Kh8 32. Re4 Nf5 33. Ne7 d5 34. Re5 Nd4 35. Bxd5 Rad8 36. Rf4
Rxd5 37. Nxd5 Ne6 38. Rh4 c3 39. Nxc3 Rc8 40. Ne2 1-0

[Event "RUS Women's Ch"]
[Site "Elista"]
[Date "2002.05.18"]
[Round "8"]
[White "Chistyakova T"]
[Black "Kozlovskaya V"]
[Result "1-0"]
[WhiteElo "2207"]
[WhiteCountry "RUS"]
[BlackTitle "GM"]
[BlackElo "2246"]
[BlackCountry "RUS"]
[Remark "Message"]
[PresId "811"]

1. Nf3 d6 2. d4 g6 3. g3 Bg7 4. Bg2 Nd7 5. c4 Ngf6 6. Nc3 O-O 7. O-O
e5 8. e4 c6 9. h3 Qc7 10. Be3 Re8 11. d5 c5 12. Nd2 a6 13. a3 Nf8 14.
b4 b6 15. Rb1 Kh8 16. a4 N8d7 17. Qc2 Ng8 18. Nf3 f6 19. Nh4 Nf8 20.
a5 cxb4 21. axb6 Qxc4 22. Qa4 Bb7 23. Rxb4 Qc8 24. Rc4 Qd8 25. Rc1 Bh6
26. Bxh6 Nxh6 27. Rc7 Rb8 28. Na2 f5 29. Nb4 f4 30. Nxa6 Bxa6 31. Qxa6
fxg3 32. fxg3 Nd7 33. Qa7 Re7 34. b7 Re8 35. Rc8 Qb6+ 36. Qxb6 Nxb6
37. Rxe8+ Rxe8 38. Bf1 Rb8 39. Ba6 Ng8 40. Rc7 Nf6 41. Rc8+ Nxc8 42.
bxc8=Q+ Rxc8 43. Bxc8 Nxe4 44. Kg2 Kg7 45. Kf3 Nc3 46. Bb7 Nb5 47. Ba6
Nc7 48. Bc4 Kf6 49. Ke4 Ne8 50. Nf3 h6 51. Ke3 Ke7 52. Nd2 Nf6 53. Ne4
Nd7 54. Bb5 Nf8 55. h4 Nh7 56. Kf3 Nf8 57. Kg4 Nh7 58. h5 1-0

[Event "RUS Women's Ch"]
[Site "Elista"]
[Date "2002.05.18"]
[Round "8"]
[White "Dordzhieva N"]
[Black "Semenova I"]
[Result "1/2-1/2"]
[WhiteElo "2123"]
[WhiteCountry "RUS"]
[BlackTitle "IM"]
[BlackElo "2284"]
[BlackCountry "RUS"]
[Remark "Message"]
[PresId "817"]

1. e4 e5 2. Nf3 Nc6 3. Bb5 a6 4. Ba4 d6 5. c3 g6 6. d4 Bd7 7. O-O Bg7
8. dxe5 dxe5 9. Qe2 Qe7 10. Rd1 Nf6 11. Bg5 h6 12. Bxf6 Bxf6 13. Nbd2
b5 14. Bb3 Na5 15. Bc2 O-O 16. b4 Nb7 17. a3 c5 18. Nf1 Bc6 19. Ne3
Rfd8 20. Nd5 Bxd5 21. Rxd5 Rxd5 22. exd5 c4 23. a4 Rd8 24. axb5 axb5
25. Qd2 Bg7 26. Ra7 Rd7 27. h3 Qd6 28. g4 Re7 29. Be4 Qf6 30. Qe3 Kh7
1/2-1/2

[Event "RUS Women's Ch"]
[Site "Elista"]
[Date "2002.05.18"]
[Round "8"]
[White "Sudakova I"]
[Black "Shaydullina S"]
[Result "1-0"]
[WhiteTitle "IM"]
[WhiteElo "2369"]
[WhiteCountry "RUS"]
[BlackElo "2245"]
[BlackCountry "RUS"]
[Remark "Message"]
[PresId "88"]

1. e4 c5 2. Nf3 d6 3. d4 cxd4 4. Nxd4 Nf6 5. Nc3 Nc6 6. Bc4 e6 7. Be3
Be7 8. Bb3 O-O 9. Qe2 a6 10. O-O-O Nd7 11. g4 Nc5 12. Rhg1 Bd7 13. g5
b5 14. Kb1 Nxd4 15. Rxd4 Rb8 16. Qh5 g6 17. Qh6 Re8 18. e5 Bf8 19. Qh3
b4 20. Rh4 h5 21. Rxh5 gxh5 22. Qxh5 Bg7 23. g6 fxg6 24. Qxg6 Re7 25.
Bxc5 bxc3 26. exd6 Rf7 27. Bd4 Rxb3 28. Bxg7 Rxb2+ 29. Kc1 Rb1+ 30.
Kxb1 Qb6+ 31. Kc1 Qb2+ 32. Kd1 Qb1+ 33. Ke2 Qb5+ 34. Ke3 Qf5 35. Qg3
e5 36. Bxe5+ Qg4 37. Qxg4+ Bxg4 38. Rxg4+ Kf8 39. Rf4 Ke8 40. Rxf7
Kxf7 41. Ke4 Ke6 42. h4 a5 43. a4 1-0

[Event "RUS Women's Ch"]
[Site "Elista"]
[Date "2002.05.18"]
[Round "8"]
[White "Khusnutdinova L"]
[Black "Kovanova B"]
[Result "1/2-1/2"]
[WhiteTitle "IM"]
[WhiteElo "2250"]
[WhiteCountry "RUS"]
[BlackElo "2124"]
[BlackCountry "RUS"]
[Remark "Message"]
[PresId "89"]

1. d4 d5 2. c4 e6 3. g3 f5 4. Bg2 Nf6 5. Nh3 c6 6. b3 Bd6 7. O-O Qe7
8. Nd2 O-O 9. Nf3 Nbd7 10. Bf4 Bxf4 11. Nxf4 dxc4 12. bxc4 e5 13. dxe5
Nxe5 14. Qc2 Nf7 15. Nd4 Nd6 16. c5 Nde4 17. Nd3 Nd5 18. Rfe1 Be6 19.
Qb2 Rab8 20. e3 Bd7 21. Rac1 Kh8 22. f3 Ng5 23. f4 Ne4 24. Ne5 Nc7 25.
Qc2 Nf6 26. Nxf5 Bxf5 27. Qxf5 Rbd8 28. Red1 Ncd5 29. Qd3 Nxf4 30.
Qxd8 Ne2+ 31. Kf1 Rxd8 32. Rxd8+ Ng8 33. Kxe2 Qxe5 34. Rcd1 Qxc5 35.
Ra8 Qh5+ 36. Ke1 Qxh2 37. Kf1 h5 38. Rdd8 Kh7 39. Rxg8 Qxg3 40. Rae8
Qd6 41. Bf3 Qd3+ 42. Kg2 Qg6+ 43. Kh3 Qf5+ 44. Kg2 Qg6+ 45. Kf2 Qc2+
46. Kg3 Qg6+ 1/2-1/2

[Event "RUS Women's Ch"]
[Site "Elista"]
[Date "2002.05.18"]
[Round "8"]
[White "Demina Y"]
[Black "Slavina I"]
[Result "1/2-1/2"]
[WhiteTitle "GM"]
[WhiteElo "2334"]
[WhiteCountry "RUS"]
[BlackTitle "GM"]
[BlackElo "2370"]
[BlackCountry "RUS"]
[Remark "Message"]
[PresId "86"]

1. d4 Nf6 2. c4 g6 3. Nf3 Bg7 4. g3 O-O 5. Bg2 d6 6. O-O Nc6 7. Nc3 a6
8. b3 Rb8 9. Qd3 Bf5 10. e4 Bg4 11. h3 Bxf3 12. Bxf3 Nd7 13. Be3 Nde5
14. dxe5 Nxe5 15. Qe2 Nxf3+ 16. Qxf3 Bxc3 17. Rad1 Bg7 18. Ba7 Ra8 19.
Bd4 Bxd4 20. Rxd4 e5 21. Rd5 b6 22. Rfd1 f5 23. exf5 Rxf5 24. Qe4 Qf8
25. R1d2 a5 26. a3 Rf3 27. R5d3 Rxd3 28. Rxd3 Re8 29. Rf3 Qe7 30. b4
axb4 31. axb4 Rf8 32. Rc3 Qf6 33. Qe3 Kg7 34. Kg2 g5 35. Rd3 Rf7 36.
c5 bxc5 37. bxc5 e4 38. Rd5 h6 39. cxd6 cxd6 40. Qd4 Qxd4 41. Rxd4 Rd7
42. Rxe4 Kf6 43. h4 d5 44. hxg5+ hxg5 45. Re8 1/2-1/2

[Event "Rus Women's Ch"]
[Site "Elista"]
[Date "2002.05.19"]
[Round "9"]
[White "Pogonina N"]
[Black "Zimina O"]
[Result "1/2-1/2"]
[WhiteElo "2303"]
[WhiteCountry "RUS"]
[BlackTitle "IM"]
[BlackElo "2360"]
[BlackCountry "RUS"]
[Remark "Message"]
[PresId "903"]

1. e4 c6 2. d4 d5 3. Nc3 dxe4 4. Nxe4 Bf5 5. Ng3 Bg6 6. h4 h6 7. Nf3
e6 8. Ne5 Bh7 9. Bd3 Bxd3 10. Qxd3 Nd7 11. Bf4 Nxe5 12. Bxe5 Nf6 13.
O-O-O Be7 14. f4 O-O 15. f5 Nd5 16. Nh5 Nf6 17. Nxf6+ Bxf6 18. fxe6
Bxh4 19. exf7+ Rxf7 20. Kb1 Bf6 21. Rdf1 Qe7 22. Qb3 Bxe5 23. dxe5 Re8
24. Rxf7 Qxf7 25. Qg3 Qd5 26. Re1 Re6 27. a3 Kh7 28. Qe3 Qxg2 29. Qxa7
Qg3 30. Rg1 Qxe5 31. Qxb7 Qd4 32. Rf1 Qc4 33. Rg1 Qd4 34. Rf1 Qc4 35.
Rg1 Rg6 36. Rxg6 Kxg6 37. Qc8 h5 38. Qe8+ Kg5 39. Qe7+ Kh6 40. b3 Qd4
41. a4 Qf6 42. Qxf6+ gxf6 43. a5 h4 44. a6 h3 45. a7 h2 46. a8=Q h1=Q+
47. Ka2 Qd5 48. Qh8+ Kg6 49. Qe8+ Kf5 50. Qh5+ Ke6 51. Qe8+ Kd6 52.
Qd8+ Ke5 53. Qe7+ Qe6 54. Qc5+ Kf4 55. Qf2+ Kg5 56. Qg2+ Kf5 57. Qh3+
Ke5 58. Qg3+ Ke4 59. Qe1+ Kf5 60. Qf2+ Kg6 61. Qg3+ Kh5 62. Qf3+ Kh6
63. Qf4+ Kh7 64. Qc7+ Kg8 65. Qb8+ Kf7 66. Qc7+ Ke8 67. Qb8+ Ke7 68.
Qa7+ Qd7 69. Qc5+ Qd6 70. Qf5 Qe5 71. Qxe5+ fxe5 72. b4 Ke6 73. c4 e4
74. Kb3 Ke5 75. b5 Kd6 76. Kc3 cxb5 77. cxb5 Kc5 78. b6 1/2-1/2

[Event "Rus Women's Ch"]
[Site "Elista"]
[Date "2002.05.19"]
[Round "9"]
[White "Zayac E"]
[Black "Grabuzova T"]
[Result "1/2-1/2"]
[WhiteTitle "GM"]
[WhiteElo "2346"]
[WhiteCountry "RUS"]
[BlackTitle "GM"]
[BlackElo "2388"]
[BlackCountry "RUS"]
[Remark "Message"]
[PresId "904"]

1. d4 e6 2. c4 b6 3. Nf3 Bb7 4. g3 Bxf3 5. exf3 d5 6. Nc3 dxc4 7. Bxc4
c6 8. d5 exd5 9. Nxd5 Ne7 10. Nf6+ gxf6 11. Bxf7+ Kxf7 12. Qxd8 Nd5
13. O-O Bg7 14. Qd6 Bf8 15. Qd8 Bg7 16. Qd6 1/2-1/2

[Event "Rus Women's Ch"]
[Site "Elista"]
[Date "2002.05.19"]
[Round "9"]
[White "Kosintseva T"]
[Black "Styazhkina O"]
[Result "1-0"]
[WhiteTitle "GM"]
[WhiteElo "2373"]
[WhiteCountry "RUS"]
[BlackTitle "GM"]
[BlackElo "2265"]
[BlackCountry "RUS"]
[Remark "Message"]
[PresId "902"]

1. e4 e5 2. Nf3 Nc6 3. Nc3 Nf6 4. d4 exd4 5. Nxd4 Bb4 6. Nxc6 bxc6 7.
Bd3 d5 8. exd5 cxd5 9. O-O O-O 10. Bf4 Bd6 11. Qd2 c6 12. Ne2 Rb8 13.
b3 c5 14. c3 Bg4 15. Ng3 Qc7 16. Bxd6 Qxd6 17. h3 Be6 18. Rad1 Rfd8
19. Rfe1 h6 20. Bb1 Qc7 21. Ne2 Bd7 22. Qc2 Bc6 23. Ng3 g6 24. h4 Ne4
25. h5 Nxg3 26. fxg3 Qxg3 27. hxg6 fxg6 28. Re6 Rd6 29. Rd3 Qxd3 30.
Rxd6 Qxc2 31. Bxc2 Ba8 32. Rxg6+ Kf7 33. Rxh6 d4 34. cxd4 cxd4 35. Bd3
Ke7 36. Rh7+ Kd6 37. Rxa7 Rg8 38. Ra6+ Kc5 39. Bf1 Be4 40. Ra4 Re8 41.
b4+ Kd5 42. Ra5+ Kd6 43. Ra6+ Ke5 44. Ra3 Rc8 45. b5 Rc1 46. b6 Rb1
47. Rb3 Rxb3 48. axb3 Bb7 49. g3 Kd6 50. Bg2 Ba6 51. Kf2 Bd3 52. g4
Bc2 53. b4 Kd7 54. g5 Kd6 55. b7 Kc7 56. Bd5 Bg6 57. Kf3 d3 58. Ke3
Kb8 59. Bc4 Kxb7 60. Bxd3 Bf7 61. g6 Bg8 62. Kd4 1-0

[Event "Rus Women's Ch"]
[Site "Elista"]
[Date "2002.05.19"]
[Round "9"]
[White "Matveyeva S"]
[Black "Polovnikova E"]
[Result "1-0"]
[WhiteTitle "GM"]
[WhiteElo "2437"]
[WhiteCountry "RUS"]
[BlackTitle "GM"]
[BlackElo "2366"]
[BlackCountry "RUS"]
[Remark "Message"]
[PresId "901"]

1. d4 Nf6 2. c4 c5 3. d5 b5 4. Nf3 g6 5. cxb5 a6 6. b6 Bg7 7. Nc3 O-O
8. a4 a5 9. e4 d6 10. Bb5 Nbd7 11. O-O Nxb6 12. Bf4 Bb7 13. Qd2 Ne8
14. Rfd1 Nc7 15. Bh6 Na6 16. h4 Nb4 17. h5 Ba6 18. Bxg7 Kxg7 19. e5
Bb7 20. Ra3 N6xd5 21. exd6 Qxd6 22. Ne4 Qc7 23. h6+ Kg8 24. Rc3 Rfd8
25. Rxc5 Qb6 26. Ne5 Ne3 27. Qxe3 Rxd1+ 28. Kh2 Nd5 29. Qf3 Nf6 30.
Qxd1 Nxe4 31. Nd7 Qd8 32. Qd4 e5 33. Rxe5 Qh4+ 34. Kg1 Qxh6 35. Rxe4
Bxe4 36. Nf6+ Kf8 37. Nxe4 Qc1+ 38. Kh2 1-0

[Event "Rus Women's Ch"]
[Site "Elista"]
[Date "2002.05.19"]
[Round "9"]
[White "Khasanova E"]
[Black "Fominyh M"]
[Result "1-0"]
[WhiteTitle "IM"]
[WhiteElo "2256"]
[WhiteCountry "RUS"]
[BlackElo "2163"]
[BlackCountry "RUS"]
[Remark "Message"]
[PresId "915"]

1. d4 d6 2. Nf3 Nd7 3. e4 e5 4. dxe5 Nxe5 5. Nxe5 dxe5 6. Qxd8+ Kxd8
7. Bc4 f6 8. Be3 c6 9. Nc3 Kc7 10. O-O-O Bb4 11. Rd3 b5 12. Bxb5 Be6
13. Ba4 Bc4 14. Rd2 Bxc3 15. bxc3 Bxa2 16. Rhd1 Be6 17. Rd6 Re8 18.
Rxc6+ Kb7 19. Rdd6 Bc8 20. Rc4 Re7 21. Rb4+ Kc7 22. Rc6+ Kd8 23. Rbc4
Bd7 24. Rd6 Nh6 25. Bxa7 1-0

[Event "Rus Women's Ch"]
[Site "Elista"]
[Date "2002.05.19"]
[Round "9"]
[White "Kovanova B"]
[Black "Shumyakina T"]
[Result "0-1"]
[WhiteElo "2124"]
[WhiteCountry "RUS"]
[BlackTitle "GM"]
[BlackElo "2366"]
[BlackCountry "RUS"]
[Remark "Message"]
[PresId "910"]

1. d4 Nf6 2. e3 c5 3. c3 b6 4. f4 Bb7 5. Nf3 e6 6. Bd3 Be7 7. O-O O-O
8. Nbd2 Nc6 9. Qe2 d6 10. b3 Qc7 11. Bb2 cxd4 12. exd4 Nd5 13. Ne1
Rfe8 14. Rc1 Bf8 15. Ne4 f5 16. Nd2 Nf6 17. Nef3 h6 18. Qf2 d5 19. Ne5
Nxe5 20. fxe5 Ne4 21. Qe2 a6 22. c4 Qd7 23. cxd5 exd5 24. Nf3 Be7 25.
Rc2 b5 26. Nd2 Rac8 27. Rxc8 Rxc8 28. g4 Bg5 29. Rxf5 g6 30. Rxg5 Nxg5
31. Kg2 Ne6 32. Kg3 Kg7 33. Nf3 Rf8 34. Bc1 Bc8 35. h3 Qc6 36. Bd2 Bd7
37. Qe3 Nf4 38. Nh4 g5 39. Nf5+ Kh8 40. Bb1 Nh5+ 41. Kh2 Nf4 42. Bb4
Rc8 43. Bd2 Re8 44. Qg3 Qg6 45. Bxf4 gxf4 46. Qxf4 Qg5 47. Qxg5 hxg5
48. Nd6 Re7 49. Kg3 Be6 50. Bf5 Bg8 51. b4 Rc7 52. Kf2 Rc3 53. Ke2 Kg7
54. Kd2 Ra3 55. Kc2 Rxa2+ 56. Kb3 Rh2 57. Bc8 Rxh3+ 58. Kb2 Rh2+ 59.
Kb3 Rg2 60. Ne8+ Kf8 61. Nf6 Bf7 62. Bxa6 Rg3+ 63. Kb2 Rg2+ 64. Kb3
Rg3+ 65. Kb2 Rd3 66. Bxb5 Rxd4 67. Kc3 Rf4 68. Bd3 d4+ 69. Kc2 Be6 70.
b5 Rf2+ 71. Kc1 Ke7 72. Nh7 Bxg4 73. Nxg5 Kd7 74. Ne4 Rf4 75. Nf6+ Ke6
76. b6 Bf3 77. Ne4 Kxe5 78. Nc5 Kd6 79. b7 Rf8 80. Nb3 Bxb7 81. Nxd4
Ke5 82. Ne2 Rf3 83. Kd2 Rh3 84. Nc3 Kf4 85. Ne2+ Kg4 86. Nc3 Kf3 87.
Be2+ Kf4 88. Bd3 Rh2+ 89. Ne2+ Kf3 90. Kc3 Ke3 91. Nd4 Ba8 92. Nc2+
Kf4 93. Bc4 Be4 94. Nd4 Ke5 95. Nb5 Bc6 96. Kb4 Rc2 97. Kb3 Rc1 98.
Nc3 Bd7 99. Kb2 Rh1 100. Ka3 Rh4 101. Ba6 Rh8 102. Bf1 Rb8 103. Na2
Be6 104. Nb4 Rb6 105. Ka4 Kd4 106. Ka5 Rb7 107. Ba6 Rh7 108. Kb6 Bd7
109. Nc6+ Kd5 110. Nb4+ Kd6 111. Bd3 Rh2 112. Ka5 Kc5 113. Be4 Be8
114. Na6+ Kd4 115. Bf5 Rh5 0-1

[Event "Rus Women's Ch"]
[Site "Elista"]
[Date "2002.05.19"]
[Round "9"]
[White "Dorofeeva A"]
[Black "Druzhinina O"]
[Result "1/2-1/2"]
[WhiteTitle "IM"]
[WhiteElo "2304"]
[WhiteCountry "RUS"]
[BlackElo "2261"]
[BlackCountry "RUS"]
[Remark "Message"]
[PresId "913"]

1. d4 Nf6 2. Nf3 g6 3. c4 Bg7 4. g3 O-O 5. Bg2 d5 6. O-O c6 7. b3 Nbd7
8. Bb2 Ne4 9. Nc3 Nxc3 10. Bxc3 Nf6 11. e3 Ne4 12. Bb2 Qa5 13. Qe2 Bg4
14. Rfd1 Ng5 15. h4 Ne4 16. c5 Qc7 17. Qc2 Qc8 18. Rdc1 Bf5 19. Qe2
Bg4 20. Qe1 Bh3 21. Bh1 Bh6 22. Nh2 Qe6 23. g4 Bxg4 24. f3 Nf6 25.
Nxg4 Nxg4 26. fxg4 Bxe3+ 27. Kh2 Bxc1 28. Rxc1 Qxg4 29. Qf2 Qd7 30.
Re1 f6 31. Bg2 1/2-1/2

[Event "Rus Women's Ch"]
[Site "Elista"]
[Date "2002.05.19"]
[Round "9"]
[White "Shaydullina S"]
[Black "Strutinskaya G"]
[Result "1/2-1/2"]
[WhiteElo "2245"]
[WhiteCountry "RUS"]
[BlackTitle "IM"]
[BlackElo "2336"]
[BlackCountry "RUS"]
[Remark "Message"]
[PresId "911"]

1. d4 e6 2. c4 Bb4+ 3. Bd2 Be7 4. e4 d5 5. cxd5 exd5 6. e5 c5 7. Bb5+
Nc6 8. Nf3 Bd7 9. Bxc6 bxc6 10. O-O cxd4 11. Nxd4 c5 12. Nb3 Qb6 13.
Nc3 Bc6 14. Qg4 g6 15. Rfc1 h5 16. Qe2 Rd8 17. Nd1 Rc8 18. e6 Nf6 19.
Bg5 Bb5 20. exf7+ Kxf7 21. Qe5 Rhd8 22. Nc3 Bc4 23. Nd2 Bd3 24. Nf3
Bf5 25. Re1 Rc7 26. Bf4 Rb7 27. Rac1 Qa6 28. Bh6 Qd6 29. Bf4 Qxe5 30.
Nxe5+ Kg7 31. Nc6 Rdd7 32. Nxe7 Rxe7 33. Rxe7+ Rxe7 34. Bd6 Rd7 35.
Bxc5 d4 36. Nb1 Ne4 37. Bb4 Rb7 38. a3 a5 39. Bxa5 Rxb2 40. f3 Nd6 41.
Nd2 Ra2 42. Bb4 Nb5 43. Nc4 Be6 44. Ne5 Nxa3 45. Bxa3 Rxa3 46. Rd1 Kf6
47. f4 Ra4 48. Nf3 d3 49. Rxd3 Rxf4 50. Rd6 1/2-1/2

[Event "Rus Women's Ch"]
[Site "Elista"]
[Date "2002.05.19"]
[Round "9"]
[White "Semenova I"]
[Black "Tomilova E"]
[Result "1-0"]
[WhiteTitle "IM"]
[WhiteElo "2284"]
[WhiteCountry "RUS"]
[BlackElo "2311"]
[BlackCountry "RUS"]
[Remark "Message"]
[PresId "917"]

1. e4 d5 2. exd5 Qxd5 3. Nc3 Qa5 4. d4 Nf6 5. Nf3 Bg4 6. h3 Bh5 7. g4
Bg6 8. Ne5 e6 9. Bd2 c6 10. Bg2 Qb6 11. Nxg6 hxg6 12. Qe2 Qxd4 13.
O-O-O Qb6 14. g5 Nh5 15. Be4 Be7 16. Rhe1 Nd7 17. Bxg6 fxg6 18. Qxe6
O-O-O 19. Qxe7 Qxf2 20. Ne4 Qh2 21. Be3 a6 22. Nd6+ Kc7 23. Nf7 Ng3
24. Nxd8 Rxd8 25. Bb6+ 1-0

[Event "Rus Women's Ch"]
[Site "Elista"]
[Date "2002.05.19"]
[Round "9"]
[White "Stepovaya T"]
[Black "Chasovnikova E"]
[Result "1-0"]
[WhiteTitle "GM"]
[WhiteElo "2428"]
[WhiteCountry "RUS"]
[BlackTitle "IM"]
[BlackElo "2222"]
[BlackCountry "RUS"]
[Remark "Message"]
[PresId "909"]

1. e4 c5 2. Nc3 Nc6 3. g3 g6 4. d3 Bg7 5. Be3 d6 6. Qd2 Rb8 7. Bg2 b5
8. f4 b4 9. Nd1 e5 10. Nf3 Nge7 11. O-O O-O 12. Nh4 exf4 13. Bxf4 Nd4
14. c3 bxc3 15. bxc3 Ne6 16. Bh6 Ba6 17. Bxg7 Nxg7 18. Ne3 Qd7 19. Rf6
Nh5 20. Rf2 Bb7 21. c4 Ng7 22. Raf1 f5 23. exf5 Bxg2 24. Kxg2 gxf5 25.
Kg1 d5 26. cxd5 Rb4 27. a3 Rd4 28. Nf3 Ra4 29. Ne5 Qd6 30. N5c4 Qg6
31. d6 Nc6 32. Nd5 Qe6 33. Nf4 Qd7 34. Qe3 Nd4 35. Qe7 Rf7 36. Qxd7
Rxd7 37. Nd5 Ne8 38. Re1 Kf8 39. Rxe8+ Kxe8 40. Nf6+ Kd8 41. Nxd7 Kxd7
42. Rb2 Kc6 43. Kf2 f4 44. g4 a6 45. Rb6+ Kd7 46. Rb7+ Kd8 47. Rxh7
1-0

[Event "Rus Women's Ch"]
[Site "Elista"]
[Date "2002.05.19"]
[Round "9"]
[White "Kosintseva N"]
[Black "Sudakova I"]
[Result "1-0"]
[WhiteTitle "IM"]
[WhiteElo "2336"]
[WhiteCountry "RUS"]
[BlackTitle "IM"]
[BlackElo "2369"]
[BlackCountry "RUS"]
[Remark "Message"]
[PresId "906"]

1. e4 e5 2. Nf3 Nf6 3. Nc3 Nc6 4. d4 Bb4 5. Nxe5 Bxc3+ 6. bxc3 Qe7 7.
Nxc6 Qxe4+ 8. Be2 dxc6 9. O-O O-O 10. Rb1 Re8 11. Bd3 Qh4 12. c4 c5
13. d5 Ng4 14. Bf4 Ne5 15. Bg3 Qd4 16. Re1 Bg4 17. Bxh7+ Kxh7 18. Qxd4
cxd4 19. Rxe5 c6 20. f3 Rxe5 21. Bxe5 Bc8 22. Bxd4 b6 23. Re1 cxd5 24.
cxd5 Bb7 25. c4 Rc8 26. Re7 Rxc4 27. Rxb7 Rxd4 28. Rxf7 a5 29. Rb7
Rxd5 30. Rxb6 Rd1+ 31. Kf2 Rd2+ 32. Kg3 Rxa2 33. Ra6 g6 34. h4 Kg7 35.
Kh3 Kh7 36. g4 Kg7 37. Kg3 Ra4 38. Ra7+ Kg8 39. Ra8+ Kg7 40. Ra6 Kh7
41. g5 Kg7 42. Ra7+ Kg8 43. f4 Ra3+ 44. Kg4 Ra1 45. h5 Rg1+ 46. Kf3
gxh5 47. Rxa5 h4 48. Ra6 Kg7 49. Rh6 Rg3+ 50. Ke4 h3 51. Kf5 Kf7 52.
Rh7+ Kg8 53. g6 Ra3 54. Kf6 Ra6+ 55. Kg5 Ra3 56. f5 Rb3 57. Kg4 Rb5
58. Rxh3 Kg7 59. Kg5 1-0